000 00342nam a2200145Ia 4500
008 230917s9999||||xx |||||||||||||| ||und||
040 _e108582
_aMAIN
041 _aEnglish
082 _a658.8 I2E
100 _aICFAI
245 0 _aE: marketing the emerging trends
260 _aHyderabad
_bICFAI
_c2002
300 _a196p p.
942 _cBK
999 _c123136
_d123136